00502nam a2200157Ia 4500100001700000942000700017654001700024245003200041260003900073082001300112300000800125546001200133999001700145952009100162952009100253 aTaxali R.K.  cBK aPC Software aPC Software for Windows bTata Mc Graw hillaNew Delhic1998 a5.1bTAX a678 aENGLISH c31589d31589 001040708CRCaCRCEbCRCEd2023-03-17l0o5.1 TAXp10962r2023-03-17w2023-03-17yBK 001040708CRCaCRCEbCRCEd2023-03-17l0o5.1 TAXp10963r2023-03-17w2023-03-17yBK